La legitime dynastique d'auguste a neron a l'epreuve des conspirations /

Guardado en:
Autor Principal: Cogitore, Isabelle
Formato: Libro
Publicado: Roma : Ecole Francaise De Rome, 2002
Series:Bibliotheque des Ecoles Fran‡a
Materias:
Etiquetas: Agregar Etiqueta
Sin Etiquetas, Sea el primero en etiquetar este registro!
LEADER 00622nam a22002055a 4500
001 EHU.bham028590
003 AR-BHAM
005 20110518142005.0
008 130507s2002##################000#0#####d
082 9 3 |a 938 
100 1 |a Cogitore, Isabelle 
245 1 0 |a La legitime dynastique d'auguste a neron a l'epreuve des conspirations /  |c Isabelle Cogitore 
260 |a Roma :  |b Ecole Francaise De Rome,  |c 2002 
300 |a 298 p. 
490 0 |a Bibliotheque des Ecoles Fran‡a 
653 |a Roma 
653 |a Historia de roma 
653 |a Augusto 
653 |a Neron 
859 |a AR-BHAM  |b BIB. HUMANIDADES - General  |h 938  |i C656  |p 1055.05  |t Ej.1